Essentials of marketing / (Record no. 541)

MARC details
000 -LEADER
fixed length control field 00554nam a22001697a 4500
005 - DATE AND TIME OF LATEST TRANSACTION
control field 20230610014934.0
008 - FIXED-LENGTH DATA ELEMENTS--GENERAL INFORMATION
fixed length control field 230117b |||||||| |||| 00| 0 eng d
020 ## - INTERNATIONAL STANDARD BOOK NUMBER
International Standard Book Number 978-621-427-069-9
082 ## - DEWEY DECIMAL CLASSIFICATION NUMBER
Classification number Fil. 658.8 Se487 2019
100 ## - MAIN ENTRY--PERSONAL NAME
Personal name Serano, Angelita C.
Relator term author
245 ## - TITLE STATEMENT
Title Essentials of marketing /
Statement of responsibility, etc. Prof. Angelita Ong Camilar-Serano
260 ## - PUBLICATION, DISTRIBUTION, ETC.
Place of publication, distribution, etc. Manila:
Name of publisher, distributor, etc. Unlimited Books Library Services and Publishing,
Date of publication, distribution, etc. c2019.
300 ## - PHYSICAL DESCRIPTION
Extent x, 210p.;
Other physical details ill.
504 ## - BIBLIOGRAPHY, ETC. NOTE
Bibliography, etc. note Includes bibliographies
541 ## - IMMEDIATE SOURCE OF ACQUISITION NOTE
Accession number 6841 c.1, 6842 c.2, 6843 c.3
650 ## - SUBJECT ADDED ENTRY--TOPICAL TERM
Topical term or geographic name entry element Marketing
Holdings
Withdrawn status Lost status Source of classification or shelving scheme Damaged status Not for loan Home library Current library Date acquired Total Checkouts Full call number Barcode Date last seen Date last checked out Copy number Price effective from Koha item type
    Dewey Decimal Classification     ctu-moalboal ctu-moalboal 03/03/2021 1 Fil. 658.8 Se487 2019 6841 06/14/2023 03/22/2023 1 01/17/2023 Books-Filipiniana
    Dewey Decimal Classification     ctu-moalboal ctu-moalboal 03/03/2021   Fil. 658.8 Se487 2019 6842 01/17/2023   2 01/17/2023 Books-Filipiniana
    Dewey Decimal Classification     ctu-moalboal ctu-moalboal 03/03/2021   Fil. 658.8 Se487 2019 6843 01/17/2023   3 01/17/2023 Books-Filipiniana